'M' Food Pictures Quiz Stats

 Plays Quiz Updated Oct 22, 2014

Also try: 'A' Food Pictures
Challenge
Share
Tweet
Score 0/16 Timer 06:00
42 Plays Today
Column Food % Correct
Milk
98.9%
Mushrooms
98.9%
Muffins
98.7%
Marshmallows
98.5%
Meatballs
96.1%
M&Ms
95.5%
Mangos
92.8%
Macaroni and Cheese
91.4%
Column Food % Correct
Mint
89.8%
Mussels
84.6%
Mandarin Oranges
81.9%
Mustard
78%
Mozzarella Sticks
73.7%
Marmalade
70.7%
Minestrone
66.9%
Macadamia Nuts
57.1%

You're not logged in!

Compare scores with friends on all Sporcle quizzes.
Join for Free
OR
Log In

You Might Also Like...

Show Comments

Extras

Top Quizzes Today


Score Distribution

Your Account Isn't Verified!

In order to create a playlist on Sporcle, you need to verify the email address you used during registration. Go to your Sporcle Settings to finish the process.

Report this User

Report this user for behavior that violates our Community Guidelines.

Details: